ბათუმის შოთა რუსთაველის სახელმწიფო უნივერსიტეტის ბიბლიოთეკა

გერმანულ-ქართული სამართლის დიალოგი = Deutsch-georgischer Rechtsdialog : სისხლის სამართალი და ადამიანის უფლებები : (ბიბ.ჩანაწერი № 60450)

000 -ლიდერი
ფიქსირებული სიგრძის საკონტროლო ველი 01608nam a22002177a 4500
003 - საკონტროლო ნომრის იდენტიფიკატორი
საკონტროლო ველი Ge_BSU
005 - ბოლო ოპერაციის თარიღი და დრო
საკონტროლო ველი 20230720125000.0
008 - ფიქსირებული სიგრძის მონაცემთა ელემენტები - ზოგადი ინფორმაცია
ფიქსირებული სიგრძის საკონტროლო ველი 230720s2023ge xxu||||| |||| 00| 0 geo d
020 ## - წიგნის საერთაშორისო სტანდარტული ნომერი
International Standard Book Number 9789941977893
041 ## - ენის კოდი
Language code of text/sound track or separate title geo
080 ## - უნივერსალური ათობითი კლასიფიკაციის ინდექსი
Universal Decimal Classification number 343(479.22) გ-36
245 ## - ცნობა სათაურის შესახებ
Title გერმანულ-ქართული სამართლის დიალოგი = Deutsch-georgischer Rechtsdialog : სისხლის სამართალი და ადამიანის უფლებები :
Remainder of title კონფერენციის მასალები /
Statement of responsibility, etc რედ : ბაჩანა ჯიშკარიანი, მარტინ პაულ ვასმერი.
264 ## - წარმოების, გამოცემის, დისტრიბუციის და სხვა ცნობები
გამოცემის, წარმოების, დისტრიბუციის... ადგილი თბილისი :
გამოცემის, წარმოების, დისტრიბუციის... სახელწოდება იურისტების სამყარო,
გამოცემის, წარმოების, დისტრიბუციის... თარიღი 2023.
300 ## - ფიზიკური აღწერა
Extent 280 გვ.:
Other physical details 20 სმ.
653 ## - INDEX TERM--UNCONTROLLED
Uncontrolled term სისხლის სამართალი და ადამიანის
653 ## - INDEX TERM--UNCONTROLLED
Uncontrolled term სისხლის სამართალი საქართველოში. სისხლის სამართალი გერმანიაში. ადამიანის უფლებების დაცვა საქართველოში. ადამიანის უფლებების დაცვა გერმანიაში.
700 ## - ADDED ENTRY--PERSONAL NAME
Personal name ჯიშკარიანი, ბაჩანა
Relator term რედაქტორი
9 (RLIN) 19466
700 ## - ADDED ENTRY--PERSONAL NAME
Personal name ვასმერი, მარტინ პაულ
Relator term რედაქტორი
9 (RLIN) 15766
773 ## - HOST ITEM ENTRY
Title ნაჩუქარი
942 ## - ADDED ENTRY ELEMENTS (KOHA)
Source of classification or shelving scheme
Koha item type წიგნი
ეგზემპლარები
ჩამოწერის სტატუსი დაკარგული ეგზემპლარის სტატუსი კლასიფიკაციის წყარო ან თაროზე გაწყობის სქემა დაზიანების სტატუსი არ გაიცემა მუდმივი მდებარეობა (დაცვის ადგილი) ამჟამინდელი ადგილსამყოფელი თაროზე განთავსების ადგილი შეძენის თარიღი ღირებულება, შესყიდვის ნორმალური ფასი სრული შენახვის შიფრი შტრიხკოდი ბოლო ოპერაციის თარიღი ეგზემპლარის მიმდევრობითი ნომერი (კეტერი?) ფასის ძალაში შესვლის თარიღი ეგზემპლარის სახეობა საჯარო შენიშვნა
          ბათუმის შოთა რუსთაველის სახელმწიფო უნივერსიტეტის მთავარი ბიბლიოთეკა ბათუმის შოთა რუსთაველის სახელმწიფო უნივერსიტეტის მთავარი ბიბლიოთეკა წიგნსაცავი 2023-07-20 12.00 343(479.22) გ-36 65008 2023-07-20 65008 2023-07-20 წიგნი 12.00